00285nam a2200121Ia 4500008004100000041000800041082001600049100001900065245002800084260002600112300001800138365000700156240624s9999 xx 000 0 und d aeng a891.43 ODD  aODDIE A JEFREE aPARIKALPIT HINDU DHARMA c2019aNew DelhibSage a348 P.; 20 cm cRS